Essays on Financial Economics

Gespeichert in:
Bibliographische Detailangaben
1. Verfasser: Hietala, Pekka T.
Format: Buch
Sprache:Englisch
Veröffentlicht: Helsinky School of Economics 1987
Ausgabe:1. ed.
Tags: Tag hinzufügen
Keine Tags, Fügen Sie das erste Tag hinzu!

MARC

LEADER 00000nam a2200000 4500
001 c026521
005 20250505102545.2
041 0 |a eng 
044 |a FI 
245 1 0 |a Essays on Financial Economics  |c Pekka T. Hietala 
250 |a 1. ed. 
264 1 |a Helsinky  |b School of Economics  |c 1987 
300 |a 120 s. 
100 1 |a Hietala, Pekka T.